000 00618cam a22002053a 4500
001 44048
003 PGUSA
005 20140828084013.0
008 131027s2013||||xxu|||||s|||||000 | eng d
040 _aPGUSA
_beng
042 _adc
100 1 _aNaquet, A.
245 1 0 _aLegal Chemistry :
_bA Guide to the Detection of Poisons, Examination of Tea, Stains, Etc.
_h[electronic resource] /
_cA. Naquet
260 _bProject Gutenberg,
_c2013
506 _aPublic domain in the USA.
516 _aElectronic text
830 0 _aProject Gutenberg
_v44048
856 4 0 _uhttp://www.gutenberg.org/ebooks/44048
942 _cEB
999 _c273299
_d273299